Spotify - Artistes francophones - Juin 2025 - Statistiques

Statistiques générales
  • Ce quiz a été pris 225 fois
  • Le résultat moyen est 29 sur 70
Statistiques - réponses
Position Auditeurs mensuels Indice Artiste % Correct
8 9 445 091 OVNI Jul
97%
3 18 688 244 Lunettes Gims
90%
12 7 284 628 Jefe Ninho
82%
20 6 364 561 Vie Damso
79%
24 5 495 558 Charo Niska
75%
35 4 285 880 QLF PNL
74%
9 9 140 709 Malienne Aya Nakamura
73%
1 78 391 026 Ibiza David Guetta
73%
26 5 145 797 Unkut Booba
69%
2 41 152 636 Serpent DJ Snake
68%
37 4 086 546 Mathafack SCH
68%
23 5 877 709 Afrotrap MHD
64%
30 4 573 937 Nonante-cinq Angele
62%
13 7 220 847 Sauce God Hamza
62%
38 4 082 036 Okay Naps
61%
22 6 241 008 Mélo Tiakola
61%
51 2 835 291 Orly Kaaris
60%
4 16 074 945 Belgique Stromae
60%
32 4 414 589 Coupe du monde Vegedream
58%
67 2 090 003 Caen Orelsan
57%
15 7 052 937 Carré Werenoi
56%
58 2 574 161 Chocolat Lartiste
54%
52 2 828 137 Ken Nekfeu
54%
21 6 281 939 100-8 SDM
54%
25 5 350 292 Panama Bende PLK
53%
46 3 282 589 Cosmopolitanie Soprano
53%
14 7 166 280 Bramsou Gazo
49%
49 3 039 687 La détaille Koba LaD
48%
36 4 235 650 En esprit Heuss L'enfoiré
47%
18 6 708 756 Djuna Dadju
46%
29 4 751 768 Omerta 47 Maes
42%
16 6 991 380 Dodo Tayc
42%
47 3 151 502 Sheguey Gradur
41%
54 2 757 218 Top 7 Favé
40%
28 4 888 845 Psy 4 de la rime Alonzo
39%
39 3 911 756 My salsa Franglish
39%
69 2 022 525 667 Freeze Corleone
38%
33 4 405 178 Coco jojo Guy2Bezbar
38%
34 4 350 540 KLN, IDS et D2 L2B
36%
42 3 509 327 PSO Thug Leto
34%
45 3 406 160 Fifa Naza
34%
66 2 102 599 Macintosh Gambi
32%
50 2 956 662 Barbichette La fouine
32%
48 3 108 048 l'Apogée Sexion d'Assaut
32%
17 6 712 112 One Piece Soolking
32%
7 10 572 244 Adila Sedraïa Indila
31%
56 2 626 267 MZ Jok'air
31%
44 3 455 158 113 Rim'K
30%
41 3 559 777 Rien a tégra bande de haineux La Mano 1.9
29%
31 4 459 635 Martinique Kalash
27%
27 4 904 536 Cavale Lacrim
25%
68 2 086 161 Citadelle Merveille
24%
19 6 446 631 Tout va bien Keblack
22%
65 2 150 824 Emile Zola
21%
60 2 516 904 Gianni et Azzedine Djadja et Dinaz
20%
43 3 466 776 Tudo Bem Oboy
18%
53 2 780 184 Bounce Music Genezio
17%
40 3 746 156 Jules Dinos
16%
57 2 610 313 Vierzon Josman
16%
59 2 558 179 Palavé Rsko
14%
61 2 484 180 Mirage Bouss
12%
62 2 283 917 Mason Mount Marwa Loud
12%
63 2 263 087 Cambriolage Landy
11%
64 2 219 500 Béret Niro
11%
11 8 699 482 Tristan Yseult
9%
5 10 792 062 Collectif Métissé Willy William
7%
70 1 890 050 Bakary Potter Youssoupha
5%
6 10 726 533 Electronique Ofenbach
4%
55 2 631 697 Pétard Max Bolémvn
3%
10 9 076 780 Musicien Québécois Patrick Watson
1%
Aucun quiz correspondant
Distribution des résultats
% des personnes avec chaque résultat
Percentile par nombre de réponses
Votre historique - résultats
Vous n’avez pas pris ce quiz